00846nam a2200205 a 450000100060000000300090000600800410001502000150005604000280007108200200009910000330011924500440015226000230019630000100021950502930022965000260052265000460054865000220059465000240061622832CO-ViMGA141112s2004 ck r 000 u spa d a958711065X aCO-ViMGAbspacCO-ViMGA04a344.04192 V174a1 aVargas hernandez, Clara Ines10aEl aborto : bDespenalización parcial aColombia : bLeyer a107p. aLa vida como un bien constitucionalmente relevante que debe ser protegido por el estado colombiano. Los limites a la potestad de configuracion del legislador en materia penal, El bloque de constitucionalidad como limited a la libertad de configuracion del legislador, en materia prima14aABORTO - LEGISLACION 14aABORTO - LEGISLACION - ESTUDIOS DE CASOS 14aDERECHOS HUMANOS 14aLIBERTADES CIVILES